<?xml version="1.0" encoding="UTF-8"?><?xml-stylesheet type="text/xsl" href="static/style.xsl"?><OAI-PMH xmlns="http://www.openarchives.org/OAI/2.0/" xmlns:xsi="http://www.w3.org/2001/XMLSchema-instance" xsi:schemaLocation="http://www.openarchives.org/OAI/2.0/ http://www.openarchives.org/OAI/2.0/OAI-PMH.xsd"><responseDate>2026-04-17T05:23:56Z</responseDate><request verb="GetRecord" identifier="oai:www.recercat.cat:10459.1/59142" metadataPrefix="marc">https://recercat.cat/oai/request</request><GetRecord><record><header><identifier>oai:recercat.cat:10459.1/59142</identifier><datestamp>2024-12-05T21:50:20Z</datestamp><setSpec>com_2072_3622</setSpec><setSpec>col_2072_479130</setSpec></header><metadata><record xmlns="http://www.loc.gov/MARC21/slim" xmlns:dcterms="http://purl.org/dc/terms/" xmlns:xsi="http://www.w3.org/2001/XMLSchema-instance" xmlns:doc="http://www.lyncode.com/xoai" xsi:schemaLocation="http://www.loc.gov/MARC21/slim http://www.loc.gov/standards/marcxml/schema/MARC21slim.xsd">
   <leader>00925njm 22002777a 4500</leader>
   <datafield ind2=" " ind1=" " tag="042">
      <subfield code="a">dc</subfield>
   </datafield>
   <datafield ind2=" " ind1=" " tag="720">
      <subfield code="a">Vidal Corominas, Arnau</subfield>
      <subfield code="e">author</subfield>
   </datafield>
   <datafield ind2=" " ind1=" " tag="720">
      <subfield code="a">Cano Sancho, German</subfield>
      <subfield code="e">author</subfield>
   </datafield>
   <datafield ind2=" " ind1=" " tag="720">
      <subfield code="a">Marín Sillué, Sònia</subfield>
      <subfield code="e">author</subfield>
   </datafield>
   <datafield ind2=" " ind1=" " tag="720">
      <subfield code="a">Ramos Girona, Antonio J.</subfield>
      <subfield code="e">author</subfield>
   </datafield>
   <datafield ind2=" " ind1=" " tag="720">
      <subfield code="a">Sanchís Almenar, Vicente</subfield>
      <subfield code="e">author</subfield>
   </datafield>
   <datafield ind2=" " ind1=" " tag="260">
      <subfield code="c">2017-01-27T10:11:31Z</subfield>
   </datafield>
   <datafield ind2=" " ind1=" " tag="260">
      <subfield code="c">2025-01-01</subfield>
   </datafield>
   <datafield ind2=" " ind1=" " tag="260">
      <subfield code="c">2016</subfield>
   </datafield>
   <datafield ind2=" " ind1=" " tag="520">
      <subfield code="a">The presence of two main mycotoxins, ochratoxin A (OTA) and deoxynivalenol (DON), is widespread in cerealbased&#xd;
foodstuffs marketed in Europe. The objectives of this study were to develop and validate a multi-detection&#xd;
analytical methodology to simultaneously assess the urinary concentrations of OTA, DON and their metabolites, and&#xd;
to apply this methodology in a preliminary follow-up trial in Catalonia (Spain). Hence, an ultra-performance liquid&#xd;
chromatography with tandem mass spectrometry method was developed to simultaneously assess the urinary levels&#xd;
of OTA, DON, deoxynivalenol-3-glucoside (DON-3-glucoside), deoxynivalenol-3-glucuronide (DON-3-glucuronide),&#xd;
3-acetyldeoxynivalenol (3-ADON) and de-epoxy-deoxynivalenol (DOM-1). Urine mycotoxins levels and food dietary&#xd;
intake were prospectively monitored in a group of volunteers throughout a restriction period followed by a free-diet&#xd;
period. The proposed multi-detection methodology for urinary OTA and DON metabolites was validated, providing&#xd;
suitable recovery, linearity and precision. The results from the pilot trial showed that urinary OTA, DON and its&#xd;
metabolites were detected in most background samples, displaying moderate reductions after the restriction period&#xd;
and subsequently recovering the background levels. Despite the restriction period, some DON metabolites, such&#xd;
as 3-ADON or DOM-1, were still found in urine samples, placing alternative sources of DON exposure other than&#xd;
the ones considered in the study under suspicion. DON and DON-3-glucuronide were significantly associated with&#xd;
consumption of bread, pasta and pastries, while OTA was only associated with consumption of wine and breakfast&#xd;
cereals. The urinary levels of OTA were significantly correlated with plasmatic levels of OTA and ochratoxin α,&#xd;
supporting the results from the multidetection method in urine. The results also showed that the high exposure&#xd;
to DON could be held throughout the time by the same person, exceeding the tolerable daily intake systematically&#xd;
instead of eventually. The estimates of OTA exposure through urine are largely higher than those obtained with the&#xd;
dietary approach. The background levels found in urine revealed that the exposure to DON and OTA could be of&#xd;
concern for the Catalonian population, thus, further studies applying this biomonitoring methodology in a larger&#xd;
sample of Catalonian population are needed to accurately characterise the human health risks at population level.</subfield>
   </datafield>
   <datafield ind2=" " ind1=" " tag="520">
      <subfield code="a">The authors are grateful to the Spanish government (projects AGL2010-22182-C04-04 and AGL2011-24862) for the financial support. A. Vidal thanks the Spanish Government (Ministry of Education) for the pre-doctoral grant.</subfield>
   </datafield>
   <datafield ind1="8" ind2=" " tag="024">
      <subfield code="a">http://hdl.handle.net/10459.1/59142</subfield>
   </datafield>
   <datafield tag="653" ind2=" " ind1=" ">
      <subfield code="a">Ochratoxin A</subfield>
   </datafield>
   <datafield tag="653" ind2=" " ind1=" ">
      <subfield code="a">Deoxynivalenol</subfield>
   </datafield>
   <datafield tag="653" ind2=" " ind1=" ">
      <subfield code="a">Urine</subfield>
   </datafield>
   <datafield tag="653" ind2=" " ind1=" ">
      <subfield code="a">Risk assessment</subfield>
   </datafield>
   <datafield tag="653" ind2=" " ind1=" ">
      <subfield code="a">Biomarkers</subfield>
   </datafield>
   <datafield ind2="0" ind1="0" tag="245">
      <subfield code="a">Multidetection of urinary ochratoxin A, deoxynivalenol and its metabolites: pilot time-course study and risk assessment in Catalonia, Spain</subfield>
   </datafield>
</record></metadata></record></GetRecord></OAI-PMH>